000
00318nam a22001457a 4500
008
210526b ||||| |||| 00| 0 eng d
020
_a
9781269695305
041
_a
eng
080
_a
338
082
_a
338
100
_a
53
101
_a
MEN
245
_a
Pearson Custom Library
_c
Steven R. Kursh
942
_2
udc
_c
BK
999
_c
57660
_d
57660